| 000 | 00351nam a22001337a 4500 | ||
|---|---|---|---|
| 005 | 20250901165809.0 | ||
| 008 | 250320b |||||||| |||| 00| 0 eng d | ||
| 020 | _69789966773227 | ||
| 050 | _aPL 8704 .A23 2007 | ||
| 245 |
_aKosa la Bwana MSA _cMuhammed S. Abdulla |
||
| 260 |
_aNAIROBI: _bVide Muwa, _cc2007. |
||
| 300 |
_a114 p.: _c21 cm. |
||
| 942 | _2lcc | ||
| 999 |
_c9356 _d9356 |
||